• 首页
  • 本馆介绍
  • 公告通知
  • 最新文献
  • 馆藏检索
  • 电子资源
  • 读者导购
  • 参考咨询
  • 我的图书馆
  • 登录
  • 详细信息显示
  • 放入我的书架
  • 预约/预借图书
  • 作者相关作品
  • 分类相关作品
  • 丛书相关作品
  • 出版社相关作品

书目信息

  • 表格格式
  • 工作单格式
  • 卡片格式
题名:
过去的小学
    
 
作者: 傅国涌, 编
分册:  
出版信息: 北京   东方出版社  2018.8
页数: 335页
开本: 21cm
丛书名:
单 册:
中图分类: G629.29 , I251
科图分类:
主题词: 小学--初等教育--教育史--中国--民国 , 回忆录--中国--现代--作品集
电子资源:
ISBN: 978-7-5207-0385-7
000 00964nam0 2200277 45
001 012001002659
005 20210923102448.06
010    @a978-7-5207-0385-7@b精装@dCNY56.00
099    @aCAL 012018142655
100    @a20180801d2018 em y0chiy0110 ea
101 0  @achi
102    @aCN@b110000
105    @ay z 000yy
106    @ar
200 1  @a过去的小学@Aguo qu de xiao xue@f傅国涌编
205    @a增订本
210    @a北京@c东方出版社@d2018.8
215    @a335页@d21cm
330    @a本书收入叶圣陶、钱穆、周汝昌、何炳棣、梁实秋、许渊冲、费孝通、丰子恺、金克木等40多位民国时期的小学校长、教师和学生撰写的回忆小学生活的文章,涉及过去小学的课堂授课、学习方式、教师风格、学校制度、校园文化等内容。
606 0  @a小学@x初等教育@x教育史@y中国@z民国
606 0  @a回忆录@y中国@z现代@j作品集
690    @aG629.29@v5
690    @aI251@v5
701  0 @a傅国涌,@Afu guo yong,@f1967-@4编
801    @aCN@bAHXH@c20210922
905    @b1282278-82@dG629.29@e1904=2@f5
    
    过去的小学/傅国涌编.-增订本.-北京:东方出版社,2018.8
    335页;21cm
    
    
    ISBN 978-7-5207-0385-7(精装):CNY56.00
    本书收入叶圣陶、钱穆、周汝昌、何炳棣、梁实秋、许渊冲、费孝通、丰子恺、金克木等40多位民国时期的小学校长、教师和学生撰写的回忆小学生活的文章,涉及过去小学的课堂授课、学习方式、教师风格、学校制度、校园文化等内容。
●
相关链接 在E读中查询图书 在五车中查询图书 在当当中查询图书 在豆瓣中查询图书


正题名:过去的小学     索取号:G629.29/1904=2         预约/预借

序号 登录号 条形码 馆藏地/架位号 状态 备注
1 1282278   212822784   第一样本阅览室/ [索取号:G629.29/1904=2] 在馆    
2 1282279   212822793   教育系资料室/ [索取号:G629.29/1904=2] 在馆    
3 1282280   212822800   教育系资料室/ [索取号:G629.29/1904=2] 在馆    
4 1282281   212822819   第四借阅区/ [索取号:G629.29/1904=2] 在馆    
5 1282282   212822828   第四借阅区/ [索取号:G629.29/1904=2] 在馆    
唐山师范学院图书馆 欢迎您!
大连网信软件有限公司© 版权所有